Nowe Trasy i Zajezdnie Tramwajowe Mające Powstać w Warszawie - Statystyki

Ogólne statystyki
  • Ten quiz został rozwiązany 21 razy
  • Średni wynik to 2 z 5
Statystyki odpowiedzi
Typ Trasa/Zajezdnia % Poprawnych
Zajezdnia Annopol
95%
Trasa Na Wilanów
42%
Trasa Na Gocław
26%
Trasa Na Kasprzaka
16%
Trasa Na Modlińską
0%
Nie znaleziono quizów pasujących do podanych kryteriów
Rozkład punktacji
Procent ludzi z każdym wynikiem
Percentyl według liczby udzielonych odpowiedzi
Twoja historia wyników
Nie rozwiązałeś tego quizu